000 02709nam0a2200457 4500
001 RU\NLR\bibl\1219303
005 20260607073902.0
010 _a978-5-16-003066-1
_93000
021 _aRU
_b2008-14922
_9811
035 _a(NLR Aleph) 001205675
090 _a45898
_c45898
100 _a20071228d2008 |||y0rusy50 ca
101 0 _arus
102 _aRU
105 _ay |||||||||
200 1 _aПолитология
_eучебник
_eдля студентов, обучающихся по специальностям "Финансы и кредит", "Бухгалтерский учет, анализ и аудит", "Мировая экономика и международные отношения"
_f[А.Г. Грязнова, д.э.н., проф., М.А. Эскиндаров, д.э.н., проф., Г.В. Полунина, д.э.н., проф. и др.
_gобщ. ред. А.Г. Грязновой]
_gФин. акад. при Правительстве Рос. Федерации
205 _a3-е изд., перераб. и доп.
210 _aМосква
_cИНФРА-М
_d2008
215 _a394, [1] с.
_d22
225 1 _aВысшее образование
300 _aАвт. указаны на обороте тит.л.
320 _aБиблиогр. в конце гл.
325 _aКопия доступна в Электрон. б-ке РНБ http://vivaldi.nlr.ru/bx000031864/view
606 1 _aПолитология
_jУчебники для высших учебных заведений
_91294414
_3RU\NLR\auth\66217824
686 _a66.0я73
_vLBC/M
_2rubbk
686 _a0050
_aПолитология
_2TCC-BG
686 _aФ.я73
701 1 _aГрязнова
_bА. Г.
_f1937-
_gАлла Георгиевна
_4070
701 1 _4070
_7ca
_8rus
_aЭскиндаров
_bМ. А.
_f1951-
_gМухадин Абдурахманович
_9118483
_3RU\NLR\auth\778581
701 1 _4070
_7ca
_8rus
_aПолунина
_bГ. В.
_gГалина Владимировна
_9111553
_3RU\NLR\auth\771531
712 0 2 _4570
_aФинансовая академия
_cМосква
_9315256
_3RU\NLR\AUTH\8820776
801 0 _aRU
_bЛИБНЕТ
_c20071228
801 1 _aRU
_bВладимирская ОУНБ
_c20080130
801 2 _aRU
_bNLR
_c20080423
_grcr
830 _aCODE_OF_LIBNET\000003884
942 _cBOOK
980 _aNB
981 1 3 _a(13) Документы, защищенные авторским правом
_b(13) Современная научная, научно-популярная и популярная литература